[Event "Campeonato Estadual Absoluto do Rio de Janeiro 2022"]
[Site "TTC R Conde de Bomfim 451 Salao de Xadrez"]
[Date "2022.07.24"]
[Round "4"]
[Board "6"]
[White "Manzi, Luiz Antonio Bardaro"]
[Black "Garcia, Julio Cesar De Paiva"]
[Result "1-0"]
[WhiteElo "1992"]
[BlackElo "2124"]
[PlyCount "187"]
[EventDate "2022.07.23"]
[EventRounds "6"]
[EventCountry "BRA"]

1. Nf3 Nf6 2. g3 b6 3. Bg2 Bb7 4. d4 e6 5. O-O d6 6. b3 Be7 7. Bb2 O-O 8. Nbd2
Nbd7 9. Re1 c5 10. e4 cxd4 11. Nxd4 Qc7 12. c4 Rac8 13. Rc1 a6 14. Qe2 Rfe8 15.
h3 Qb8 16. Kh2 Qa8 17. f4 Nc5 18. e5 dxe5 19. fxe5 Nfd7 20. N2f3 Nf8 21. Rcd1
Bd8 22. h4 Bc7 23. Nc2 Red8 24. Ne3 Rxd1 25. Rxd1 Rd8 26. Rxd8 Qxd8 27. Ng5
Bxg2 28. Nxg2 Qd3 29. Qf2 Qd7 30. Nf4 h6 31. Nf3 Nd3 32. Nxd3 Qxd3 33. Bd4 Nd7
34. Kg2 Qe4 35. Qe3 Qc6 36. Kf2 Bd8 37. g4 Be7 38. g5 hxg5 39. hxg5 b5 40. cxb5
axb5 41. Ke2 Bb4 42. Qd3 Nf8 43. Be3 Be7 44. Qd4 Qc2+ 45. Qd2 Qc6 46. Qc1 Qa6
47. Qc2 Ng6 48. Kf2 b4 49. Kg3 Qa5 50. Bf4 Qd5 51. Qd2 Qb5 52. Qd4 Qe2 53. Bd2
Qb5 54. Qc4 Qa5 55. a4 Nxe5 56. Qb5 Qxb5 57. axb5 Nd7 58. Nd4 Nb6 59. Nc6 Bd6+
60. Bf4 Bc5 61. Kf3 Nd5 62. Bd2 Kh7 63. Ke4 f6 64. Nd8 Nc7 65. gxf6 gxf6 66.
Nb7 Be7 67. b6 Na6 68. Be3 Kg6 69. Na5 Kf7 70. b7 Ke8 71. Ba7 Bd6 72. Nc6 Kd7
73. b8=N+ Nxb8 74. Nxb8+ Kc7 75. Na6+ Kc6 76. Bb8 Be7 77. Bg3 f5+ 78. Kd4 Bf6+
79. Kc4 e5 80. Nxb4+ Kd6 81. Nd5 Bg5 82. Bf2 f4 83. Nc3 Ke6 84. Ne4 Bd8 85. b4
Bc7 86. b5 Bb8 87. b6 Kf5 88. Kd3 Kg4 89. Be1 f3 90. Bg3 Kf5 91. Bh2 f2 92.
Nxf2 Kf6 93. Ne4+ Kf5 94. Bg3  1-0

[Event "Campeonato Estadual Absoluto do Rio de Janeiro 2022"]
[Site "TTC R Conde de Bomfim 451 Salao de Xadrez"]
[Date "2022.07.24"]
[Round "4"]
[Board "7"]
[White "De Oliveira, Sergio Patricio"]
[Black "Santos Filho, Tadeu Sousa"]
[Result "0-1"]
[WhiteElo "1556"]
[BlackElo "2015"]
[PlyCount "96"]
[EventDate "2022.07.23"]
[EventRounds "6"]
[EventCountry "BRA"]

1. d4 Nf6 2. c4 g6 3. Nc3 Bg7 4. Bg5 h6 5. Bh4 O-O 6. Nf3 d6 7. h3 Na6 8. e3 c5
9. Bd3 Bd7 10. O-O Rb8 11. a3 Re8 12. Rb1 Qc8 13. Bxf6 Bxf6 14. Ne4 Bg7 15. Qe2
b6 16. Rfc1 Nc7 17. Nc3 Ne6 18. d5 Nf8 19. e4 a6 20. e5 Bf5 21. exd6 exd6 22.
Qc2 Bxd3 23. Qxd3 Qd7 24. Re1 b5 25. Rxe8 Qxe8 26. Re1 Qd7 27. Re4 bxc4 28. Qc2
Qf5 29. Nd2 Bxc3 30. Qxc3 Qxd5 31. Re7 Qd4 32. Qxd4 cxd4 33. Nxc4 d3 34. b4 Rc8
35. Nb2 Rc1+ 36. Kh2 d2 37. Ra7 d1=Q 38. Nxd1 Rxd1 39. Rxa6 d5 40. b5 Rb1 41.
a4 d4 42. Kg3 Kg7 43. Kf3 Ne6 44. b6 d3 45. Ke3 Rb2 46. Ra7 Nc5 47. a5 Re2+ 48.
Kf3 Re8  0-1

[Event "Campeonato Estadual Absoluto do Rio de Janeiro 2022"]
[Site "TTC R Conde de Bomfim 451 Salao de Xadrez"]
[Date "2022.07.24"]
[Round "4"]
[Board "8"]
[White "Campos, Alexandre Ferreira"]
[Black "Madeu, Fernando Antonio De B."]
[Result "1-0"]
[WhiteElo "2054"]
[BlackElo "1871"]
[PlyCount "51"]
[EventDate "2022.07.23"]
[EventRounds "6"]
[EventCountry "BRA"]

1. e4 c5 2. Nf3 d6 3. Bb5+ Bd7 4. Bxd7+ Qxd7 5. O-O Nf6 6. Re1 Nc6 7. c3 e6 8.
d4 cxd4 9. cxd4 d5 10. exd5 Nxd5 11. Nc3 Bb4 12. Bd2 O-O 13. Nxd5 Qxd5 14. Bxb4
Nxb4 15. Re5 Qd7 16. Rh5 Nd5 17. Ne5 Qd6 18. Qd3 Nf6 19. Rh4 Rfd8 20. Ng4 e5
21. Nxf6+ Qxf6 22. Qxh7+ Kf8 23. Re1 Rac8 24. dxe5 Qb6 25. e6 Qxe6 26. Qb1  1-0

[Event "Campeonato Estadual Absoluto do Rio de Janeiro 2022"]
[Site "TTC R Conde de Bomfim 451 Salao de Xadrez"]
[Date "2022.07.24"]
[Round "4"]
[Board "9"]
[White "Lima, Stefan Moisei Vieira"]
[Black "Okamura, Milton Kasuo"]
[Result "1-0"]
[WhiteElo "1917"]
[BlackElo "1993"]
[PlyCount "51"]
[EventDate "2022.07.23"]
[EventRounds "6"]
[EventCountry "BRA"]

1. e4 c5 2. Nf3 e6 3. c4 Nc6 4. Nc3 d6 5. d4 cxd4 6. Nxd4 Nf6 7. Be2 Be7 8. O-O
a6 9. Be3 O-O 10. Rc1 Bd7 11. f3 Nxd4 12. Qxd4 Bc6 13. Rfd1 Qa5 14. Rb1 Rfc8
15. b4 Qe5 16. Qd2 Qh5 17. b5 axb5 18. cxb5 Be8 19. f4 Qg6 20. Rf1 Nxe4 21.
Nxe4 Qxe4 22. Bf3 Qa4 23. Bxb7 Rc2 24. Qxc2 Qxc2 25. Bxa8 Qa4 26. b6  1-0

[Event "Campeonato Estadual Absoluto do Rio de Janeiro 2022"]
[Site "TTC R Conde de Bomfim 451 Salao de Xadrez"]
[Date "2022.07.24"]
[Round "4"]
[Board "10"]
[White "Dos Santos, Gilvan Nobrega"]
[Black "Petrenko, Willy"]
[Result "1-0"]
[WhiteElo "1926"]
[BlackElo "1877"]
[PlyCount "128"]
[EventDate "2022.07.23"]
[EventRounds "6"]
[EventCountry "BRA"]

1. e4 e5 2. Nf3 Nc6 3. Bb5 Nge7 4. O-O a6 5. Ba4 b5 6. Bb3 Ng6 7. c3 Be7 8. d3
O-O 9. Re1 Na5 10. Bc2 c5 11. Nbd2 Nc6 12. Nf1 d5 13. Qe2 d4 14. cxd4 Nxd4 15.
Nxd4 cxd4 16. Bb3 Bg5 17. Bd2 Bxd2 18. Qxd2 Nf4 19. g3 Nh3+ 20. Kg2 Qf6 21. Qe2
Ng5 22. Nd2 Bh3+ 23. Kg1 Rac8 24. Rec1 g6 25. Bd1 h5 26. f3 Ne6 27. Qf2 Nc5 28.
Be2 Rc6 29. b4 Nd7 30. Bd1 Rfc8 31. Nb3 Be6 32. Rxc6 Rxc6 33. f4 Bxb3 34. Bxb3
Qe7 35. Rf1 Rf6 36. a3 g5 37. f5 Rd6 38. Rc1 Nf6 39. h3 a5 40. Qd2 axb4 41.
Qxg5+ Kf8 42. axb4 Rd8 43. Qh6+ Ke8 44. Qg7 Kd7 45. Ra1 Kc8 46. Qxf7 Qxf7 47.
Bxf7 Kb7 48. Rc1 Rc8 49. Rxc8 Kxc8 50. Kf2 Kc7 51. Kf3 Nd7 52. Bxh5 Nb8 53. Be8
Na6 54. Bxb5 Nxb4 55. g4 Kd6 56. g5 Ke7 57. h4 Kf7 58. h5 Kg7 59. Kg4 Nc2 60.
f6+ Kh7 61. g6+ Kh6 62. Kf5 Ne3+ 63. Kxe5 Ng4+ 64. Ke6 Nxf6  1-0

[Event "Campeonato Estadual Absoluto do Rio de Janeiro 2022"]
[Site "TTC R Conde de Bomfim 451 Salao de Xadrez"]
[Date "2022.07.24"]
[Round "4"]
[Board "11"]
[White "Baeta, Marcio Netto"]
[Black "Bastos, Gabriel Andrade"]
[Result "0-1"]
[WhiteElo "1825"]
[BlackElo "1818"]
[PlyCount "42"]
[EventDate "2022.07.23"]
[EventRounds "6"]
[EventCountry "BRA"]

1. e4 c5 2. d4 cxd4 3. Nf3 g6 4. Qxd4 Nf6 5. e5 Nc6 6. Qa4 Nd5 7. Qe4 Nb6 8. c4
d6 9. exd6 Bf5 10. dxe7 Bxe7 11. Qe3 O-O 12. Be2 Re8 13. Kf1 Bf6 14. Qa3 Nxc4
15. Qb3 N6a5 16. Qb4 Rxe2 17. Kxe2 Qd3+ 18. Ke1 Re8+ 19. Be3 Nxe3 20. fxe3
Qxe3+ 21. Kd1 Qe2+  0-1

[Event "Campeonato Estadual Absoluto do Rio de Janeiro 2022"]
[Site "TTC R Conde de Bomfim 451 Salao de Xadrez"]
[Date "2022.07.24"]
[Round "4"]
[Board "12"]
[White "Reboredo, Maximiano Goncalves"]
[Black "Silva, Marcelo Dos Santos"]
[Result "0-1"]
[WhiteElo "1964"]
[BlackElo "1921"]
[PlyCount "75"]
[EventDate "2022.07.23"]
[EventRounds "6"]
[EventCountry "BRA"]

1. e4 c5 2. Nf3 d6 3. d4 cxd4 4. Nxd4 Nf6 5. Nc3 g6 6. Bc4 Bg7 7. O-O O-O
8. h3 Nc6 9. Be3 Bd7 10. Qd2 Rc8 11. Bb3 Ne5 12. Qe2 Rxc3 13. bxc3 Nxe4 14. Bd2
Nxd2 15. Qxd2 Qa5 16. Rad1 Rc8 17. f4 Nc4 18. Qe2 Qxc3 19. Nf3 Qe3+ 20. Qf2
Qxf4 21. Qxa7 Qe3+ 22. Qxe3 Nxe3 23. Ng5 Nxf1 24. Rxf1 Bf6 25. Ne4 Bd4+ 26. Kh1
Rf8 27. Ng5 e6 28. Ne4 Be5 29. c4 Bc6 30. Ng5 b5 31. h4 bxc4 32. Bxc4 d5 33.
Bb3 h6 34. Nf3 Bg3 35. Rc1 Bd7 36. a4 Rb8 37. Bd1 e5 38. a5 Ra8 39. Ra1 e4 40.
Ng1 Bc7 41. a6 Bb5 42. Be2 Bxe2 43. Nxe2 Bb6 44. Nf4 d4 45. Nd5 Bd8 46. a7 Kg7
47. Kg1 f5 48. Kf1 Kf7 49. Nb4 Ke8 50. Ra6 g5 51. Rxh6 gxh4 52. Rh8+ Kd7 53.
Rh7+ Kd6 54. Rh6+ Kc5 55. Na6+ Kb5 56. Rd6 Bb6 57. Nb4 Bc5  0-1

[Event "Campeonato Estadual Absoluto do Rio de Janeiro 2022"]
[Site "TTC R Conde de Bomfim 451 Salao de Xadrez"]
[Date "2022.07.30"]
[Round "5"]
[Board "1"]
[White "Guimaraes, Sergio Murilo Soares"]
[Black "Rangel, Daniel"]
[Result "0-1"]
[WhiteElo "1800"]
[BlackElo "2189"]
[PlyCount "98"]
[EventDate "2022.07.23"]
[EventRounds "6"]
[EventCountry "BRA"]

1. d4 Nf6 2. Bf4 g6 3. e3 Bg7 4. Nf3 O-O 5. Nbd2 d6 6. Rc1 Nbd7 7. h3 Qe8 8.
Bc4 e5 9. dxe5 dxe5 10. Bh2 Qe7 11. O-O Ne8 12. Bb3 e4 13. Nd4 c5 14. Ne2 Bxb2
15. Rb1 Be5 16. Nf4 Ndf6 17. Qe2 g5 18. Nh5 Bxh2+ 19. Kxh2 Nxh5 20. Qxh5 Qd6+
21. Kg1 Qxd2 22. Qxg5+ Ng7 23. Qxc5 Qd7 24. Qd5 Qf5 25. Qd6 Be6 26. Bxe6 Qxe6
27. Qxe6 Nxe6 28. Rxb7 Rfc8 29. Rb4 Rxc2 30. a4 Nc5 31. Rd4 Rb8 32. Rd5 Rbb2
33. Rg5+ Kf8 34. a5 Ne6 35. Re5 Rc5 36. Rxe4 Rxa5 37. Rh4 h5 38. Rc4 Rba2 39.
Rcc1 Rc5 40. Rxc5 Nxc5 41. Rd1 Ne4 42. f3 Nf6 43. e4 Ke7 44. Rb1 a5 45. Rb5 h4
46. f4 Kf8 47. e5 Ne4 48. Rb1 Rf2 49. f5 Rxf5  0-1

[Event "Campeonato Estadual Absoluto do Rio de Janeiro 2022"]
[Site "TTC R Conde de Bomfim 451 Salao de Xadrez"]
[Date "2022.07.30"]
[Round "5"]
[Board "2"]
[White "Guimaraes, Wagner Peixoto"]
[Black "Damasceno, Enzo De Carvalho"]
[Result "1/2-1/2"]
[WhiteElo "2195"]
[BlackElo "1914"]
[PlyCount "59"]
[EventDate "2022.07.23"]
[EventRounds "6"]
[EventCountry "BRA"]

1. d4 d5 2. c4 c6 3. Nf3 Nf6 4. Qc2 e6 5. g3 b6 6. Bg2 Bb7 7. O-O Nbd7 8. cxd5
cxd5 9. Nc3 Rc8 10. Qb3 Bd6 11. Nb5 Bb8 12. Bf4 Rc6 13. Ne5 Nxe5 14. dxe5 Nd7
15. e4 Rc5 16. Be3 Rc4 17. Nd6+ Bxd6 18. exd6 Nc5 19. Bxc5 Rxc5 20. Qa4+ Bc6
21. Qd4 f6 22. exd5 Bxd5 23. Qg4 Kf7 24. Rad1 Qxd6 25. b4 Rc6 26. Bxd5 exd5 27.
Qh5+ g6 28. Qxd5+ Qxd5 29. Rxd5 Re8 30. Rd2  1/2-1/2

[Event "Campeonato Estadual Absoluto do Rio de Janeiro 2022"]
[Site "TTC R Conde de Bomfim 451 Salao de Xadrez"]
[Date "2022.07.30"]
[Round "5"]
[Board "3"]
[White "Santos Filho, Tadeu Sousa"]
[Black "Soares, Joao Carlos T. C."]
[Result "1-0"]
[WhiteElo "2015"]
[BlackElo "2101"]
[PlyCount "91"]
[EventDate "2022.07.23"]
[EventRounds "6"]
[EventCountry "BRA"]

1. Nf3 Nf6 2. b3 e6 3. Bb2 d5 4. e3 Nbd7 5. d4 Be7 6. Be2 O-O 7. Nbd2 c5 8. O-O
cxd4 9. Nxd4 Nb6 10. f4 Bd7 11. Bd3 Rc8 12. g4 e5 13. Nf5 e4 14. Nxe7+ Qxe7 15.
Be2 Qc5 16. Bd4 Qxc2 17. f5 Qxd1 18. Rfxd1 Bc6 19. a4 Ra8 20. Rdc1 Rfc8 21. Ra2
Bd7 22. Rxc8+ Rxc8 23. Kf2 Rc1 24. Bb2 Rc2 25. Ke1 a6 26. Kd1 Rc8 27. Bd4 Na8
28. Nf1 Ne8 29. Ng3 f6 30. Nh5 a5 31. Kd2 Kf7 32. Nf4 Bc6 33. Rc2 Nec7 34. Rc1
g5 35. Nh5 Ne8 36. h3 Rc7 37. h4 h6 38. Rh1 Ke7 39. hxg5 hxg5 40. Ng3 Kd8 41.
Rh6 Rf7 42. Nh5 Ke7 43. Rh8 b6 44. Ba6 Nec7 45. Bc8 b5 46. Bc5#  1-0

[Event "Campeonato Estadual Absoluto do Rio de Janeiro 2022"]
[Site "TTC R Conde de Bomfim 451 Salao de Xadrez"]
[Date "2022.07.30"]
[Round "5"]
[Board "4"]
[White "Mascarenhas, Alberto Pinheiro"]
[Black "Manzi, Luiz Antonio Bardaro"]
[Result "1-0"]
[WhiteElo "2175"]
[BlackElo "1992"]
[PlyCount "0"]
[EventDate "2022.07.23"]
[EventRounds "6"]
[EventCountry "BRA"]

1. c4 Nf6 2. Nc3 c5 3. e4 Nc6 4. Nf3 e5 5. d3 Be7 6. h3 d6 7. g4 h6 8. Bg2 Be6 9. Nd5 Qd7 10. a3 Nd4 11. Nxd4 cxd4 12. f4 Bxd5 13. exd5 Nh7 14. O-O O-O 15. Be4 Rab8 16. a4 Rbe8 17. Kg2 a6 18. a5 Bd8 19. b4 Bh4 20. Ra2 exf4 21. Bxf4 Ng5 22. Bxg5 Bxg5 23. Raf2 Be3 24. Rf3 Qe7 25. Qe1 g6 26. h4 Qe5 27. Qe2 Kg7 28. Kh3 Qe7 29. Rg3 Qd7 30. Kg2 Re5 31. Qf3 Qe7 32. Kh3 g5 33. h5 Bf4 34. Rg2 f5 35. gxf5 Rfxf5 36. Qg4 Rxe4 37. dxe4 Qxe4 38. Qe2 Be3 39. Rg4 Qe5 40. Qd3 Bf2 41. Kg2 Qf6 42. Rg3 Rf4 43. Rf3 Be3 44. Rxf4 gxf4 45. Kf3 Qg5 46. Qg6+ Qxg6 47. hxg6 Kxg6 48. c5 dxc5 49. bxc5 Kf5 50. c6 bxc6 51. dxc6 Ke6 52. Rh1 d3 53. Rxh6+ Ke7 54. Rh7+ Kd8 55. Rd7+ Kc8 56. Rxd3 Kc7 57. Rc3 Bd2 58. Rc4 Bxa5 59. Kxf4 Bb6 60. Ke5 a5 61. Kd5 Be3 62. Re4 Bd2 63. Kc5 Bb4+ 64. Kb5 Bd6 65. Rd4 Bb4 66. Rd7+ Kc8 67. Kb6 Bc3 68. Rf7 Bd4+ 69. Kxa5 Be3 70. Kb5 Bd4 71. Kc4 Be3 72. Kd5 Bc1 73. Re7 Bb2 74. Ra7 Bc1 75. Rb7 Bd2 76. Rf7 Bc1 77. c7 Ba3 78. Kc6 Be7 79. Rf5  1-0

[Event "Campeonato Estadual Absoluto do Rio de Janeiro 2022"]
[Site "TTC R Conde de Bomfim 451 Salao de Xadrez"]
[Date "2022.07.30"]
[Round "5"]
[Board "5"]
[White "Fernandes, Felipe Gambini"]
[Black "Ramos, Angelo Bil"]
[Result "0-1"]
[WhiteElo "1792"]
[BlackElo "1996"]
[PlyCount "96"]
[EventDate "2022.07.23"]
[EventRounds "6"]
[EventCountry "BRA"]

1. d4 Nf6 2. c4 g6 3. Nc3 Bg7 4. Nf3 O-O 5. Bg5 h6 6. Bh4 d6 7. e3 c5 8. Be2
Nbd7 9. Qc2 cxd4 10. exd4 b6 11. O-O Bb7 12. Rad1 Rc8 13. d5 a6 14. Qb1 Qe8 15.
Rfe1 Nc5 16. b4 Na4 17. Nxa4 Qxa4 18. Bd3 Rc7 19. Re2 Qd7 20. Rde1 Qd8 21. a4
b5 22. axb5 axb5 23. Qa2 bxc4 24. Bxc4 Qc8 25. Bb3 g5 26. Bg3 Qg4 27. Qd2 Nxd5
28. Bxd5 Bc3 29. Bxf7+ Rxf7 30. Qc2 Kg7 31. Re3 Bxe1 32. Qxc7 Bxf3 33. Rxe1 Bd5
34. Qc3+ Kg6 35. h3 Qc4 36. Qd2 Qa2 37. Qd3+ Kg7 38. Rd1 Be6 39. b5 Rf5 40.
Qd4+ Kg6 41. b6 Qb3 42. Rc1 h5 43. Rc7 Qb1+ 44. Kh2 Rd5 45. Qh8 Rd1 46. Qe8+
Bf7 47. Qxf7+ Kxf7 48. Bxd6 Rh1+  0-1

[Event "Campeonato Estadual Absoluto do Rio de Janeiro 2022"]
[Site "TTC R Conde de Bomfim 451 Salao de Xadrez"]
[Date "2022.07.30"]
[Round "5"]
[Board "6"]
[White "Dias, Matheus Braga"]
[Black "Lima, Stefan Moisei Vieira"]
[Result "0-1"]
[WhiteElo "1851"]
[BlackElo "1917"]
[PlyCount "142"]
[EventDate "2022.07.23"]
[EventRounds "6"]
[EventCountry "BRA"]

1. e4 c5 2. Nf3 d6 3. d4 cxd4 4. Nxd4 Nf6 5. Nc3 a6 6. Bg5 Nc6 7. f4 Qb6 8.
Nxc6 bxc6 9. Qd2 h6 10. Bh4 e6 11. Be2 d5 12. e5 Nd7 13. Bf2 Bc5 14. O-O O-O
15. Bd3 f5 16. Na4 Bxf2+ 17. Rxf2 Qd4 18. c4 Nb6 19. Nxb6 Qxb6 20. Re1 a5 21.
Qe3 Qxe3 22. Rxe3 Ba6 23. Rc2 Rfb8 24. cxd5 cxd5 25. Bxa6 Rxa6 26. b3 Rb4 27.
g3 a4 28. Kf2 g5 29. Kf3 Kg7 30. h4 axb3 31. Rxb3 Rxb3+ 32. axb3 Rb6 33. Rb2
gxh4 34. gxh4 Rb4 35. h5 Kf7 36. Ke3 Ke7 37. Rb1 Kd7 38. Rb2 Re4+ 39. Kf3 Rb4
40. Ke3 Kc6 41. Rc2+ Kd7 42. Rb2 Kc7 43. Rc2+ Kb7 44. Rb2 Kb6 45. Rb1 Kb5 46.
Rb2 Re4+ 47. Kf3 Kb4 48. Rg2 d4 49. Rg6 d3 50. Rxe6 d2 51. Rb6+ Kc3 52. Rc6+
Kb2 53. Rd6 Kc1 54. Rc6+ Kd1 55. Rxh6 Ke1 56. Rd6 Rb4 57. Kg3 Ke2 58. Rxd2+
Kxd2 59. h6 Rb6 60. Kh4 Rxh6+ 61. Kg5 Rh8 62. Kxf5 Ke3 63. e6 Kd4 64. Kg6 Kd5
65. f5 Kd6 66. Kg7 Re8 67. Kf7 Re7+ 68. Kf6 Rb7 69. b4 Rxb4 70. Kf7 Rb7+ 71.
Kf8 Rb5  0-1

[Event "Campeonato Estadual Absoluto do Rio de Janeiro 2022"]
[Site "TTC R Conde de Bomfim 451 Salao de Xadrez"]
[Date "2022.07.30"]
[Round "5"]
[Board "8"]
[White "Garcia, Julio Cesar De Paiva"]
[Black "Chaves, Jorge Antonio Torres"]
[Result "0-1"]
[WhiteElo "2124"]
[BlackElo "1830"]
[PlyCount "100"]
[EventDate "2022.07.23"]
[EventRounds "6"]
[EventCountry "BRA"]

1. e4 e5 2. Nf3 Nc6 3. Bb5 a6 4. Ba4 Nf6 5. O-O b5 6. Bb3 Be7 7. Re1 O-O 8. a4
Bb7 9. d3 h6 10. Nbd2 Re8 11. Nf1 Bf8 12. Ng3 g6 13. c3 Na5 14. Bc2 c5 15. h3
Bg7 16. Be3 d6 17. Qd2 Kh7 18. Rad1 Qc7 19. b4 cxb4 20. cxb4 Nc6 21. a5 d5 22.
Bc5 d4 23. Bb3 Nxa5 24. bxa5 Qxc5 25. Bxf7 Re7 26. Rc1 Qd6 27. Bb3 Bf8 28. h4
Rc7 29. h5 Rac8 30. hxg6+ Kxg6 31. Rxc7 Rxc7 32. Nf5 Qc5 33. g3 Ng4 34. Kg2 Qc3
35. Qa2 Bc8 36. Re2 Qxd3 37. Rd2 Qxe4 38. Bd5 Bxf5 39. Bxe4 Bxe4 40. Qe6+ Nf6
41. Re2 Bd5 42. Qxe5 Rc3 43. Re1 Rxf3 44. Kg1 Bc5 45. Qc7 Rc3 46. Qf4 d3 47.
Rd1 Rc4 48. Qd2 Be4 49. Qf4 Rc2 50. Rf1 Bf5  0-1

[Event "Campeonato Estadual Absoluto do Rio de Janeiro 2022"]
[Site "TTC R Conde de Bomfim 451 Salao de Xadrez"]
[Date "2022.07.30"]
[Round "5"]
[Board "9"]
[White "Bastos, Gabriel Andrade"]
[Black "Dos Santos, Gilvan Nobrega"]
[Result "1-0"]
[WhiteElo "1818"]
[BlackElo "1926"]
[PlyCount "103"]
[EventDate "2022.07.23"]
[EventRounds "6"]
[EventCountry "BRA"]

1. d4 Nf6 2. c4 c6 3. Nc3 d5 4. e3 Bf5 5. Qb3 Qb6 6. cxd5 Qxb3 7. axb3 Nxd5 8.
Bc4 Nb4 9. Ra5 e6 10. e4 Bg6 11. Nf3 b6 12. Rg5 b5 13. Be2 Nc2+ 14. Kd1 Nb4 15.
Ne5 Be7 16. Nxg6 hxg6 17. Rg3 a6 18. h4 Nd7 19. h5 O-O-O 20. Ke1 Nc2+ 21. Kf1
Nxd4 22. Be3 Nxe2 23. Kxe2 Nf6 24. Ra1 Nxh5 25. Rf3 Kb7 26. Rxf7 Rd7 27. e5 Rc7
28. g4 Nf6 29. exf6 gxf6 30. Ne4 f5 31. gxf5 exf5 32. Bf4 Rhc8 33. Bxc7 Rxc7
34. Nc3 Kb6 35. Rh1 g5 36. Rhh7 Bd6 37. Rxc7 Bxc7 38. b4 Bd6 39. Rh6 Kc7 40.
Rf6 f4 41. Rg6 Bxb4 42. Rxg5 Bd6 43. Ne4 Bb4 44. Rf5 a5 45. Rxf4 a4 46. Kd3 c5
47. Nc3 Kb6 48. Nd5+ Ka5 49. Nxb4 cxb4 50. Kc2 b3+ 51. Kb1 b4 52. Re4  1-0

[Event "Campeonato Estadual Absoluto do Rio de Janeiro 2022"]
[Site "TTC R Conde de Bomfim 451 Salao de Xadrez"]
[Date "2022.07.30"]
[Round "5"]
[Board "10"]
[White "Silva, Marcelo Dos Santos"]
[Black "Rodrigues, Nei Jorge"]
[Result "0-1"]
[WhiteElo "1921"]
[BlackElo "1850"]
[PlyCount "134"]
[EventDate "2022.07.23"]
[EventRounds "6"]
[EventCountry "BRA"]

1. c4 c5 2. Nc3 Nc6 3. Nf3 g6 4. e3 Bg7 5. d4 Nf6 6. d5 Na5 7. Bd3 O-O 8. O-O
b6 9. Qc2 d6 10. e4 Bg4 11. Nd2 a6 12. f4 Qc7 13. f5 gxf5 14. exf5 e6 15. h3
Bxf5 16. Bxf5 exf5 17. Qxf5 Rae8 18. b3 Qd7 19. Qf3 Qe7 20. Ndb1 Nd7 21. Bf4
Nb7 22. Nd2 Ne5 23. Qg3 Ng6 24. Rae1 Qf6 25. Nde4 Qd4+ 26. Be3 Qe5 27. Qxe5
Rxe5 28. Bf2 f5 29. Ng5 Nd8 30. Na4 b5 31. Nb6 Rfe8 32. Nc8 Bf8 33. Nf3 Rxe1
34. Rxe1 Rxe1+ 35. Bxe1 bxc4 36. bxc4 Nf7 37. Nb6 Be7 38. a4 Bd8 39. a5 Kf8 40.
Kf2 Ke8 41. Ke2 Nf4+ 42. Kf1 Nd3 43. Bh4 Nb2 44. Bxd8 Kxd8 45. Nh4 Ne5 46. Nxf5
Nbxc4 47. Ke2 Kc7 48. Na4 Nxa5 49. Ke3 Nac4+ 50. Kf4 Nf7 51. Ne7 Kd7 52. Nc6
Kc7 53. Kf5 Ne3+ 54. Kf6 Nxd5+ 55. Kxf7 Kxc6 56. g4 c4 57. h4 Kb5 58. Nb2 Nf4
59. Nd1 d5 60. Kf6 Kc5 61. Kf5 Ng6 62. h5 Nf8 63. Kf6 d4 64. Kf7 c3 65. Nf2 Nd7
66. g5 Kc4 67. Kg7 c2  0-1

[Event "Campeonato Estadual Absoluto do Rio de Janeiro 2022"]
[Site "TTC R Conde de Bomfim 451 Salao de Xadrez"]
[Date "2022.07.30"]
[Round "5"]
[Board "11"]
[White "Okamura, Milton Kasuo"]
[Black "De Oliveira, Sergio Patricio"]
[Result "1-0"]
[WhiteElo "1993"]
[BlackElo "1556"]
[PlyCount "53"]
[EventDate "2022.07.23"]
[EventRounds "6"]
[EventCountry "BRA"]

1. d4 d5 2. c4 e6 3. Nc3 Nf6 4. cxd5 exd5 5. Bg5 c6 6. e3 Bd6 7. Bd3 O-O 8.
Nge2 h6 9. Bh4 b5 10. O-O Bb7 11. Rc1 Nbd7 12. Bg3 Qe7 13. Bxd6 Qxd6 14. Ng3 g6
15. h4 h5 16. Nge2 Ng4 17. Nf4 Rae8 18. Qf3 f5 19. Qg3 Kh7 20. Nxh5 Qxg3 21.
Nxg3 f4 22. exf4 Rxf4 23. h5 Kg7 24. Bxg6 Ref8 25. f3 Ngf6 26. Nce2 Rh4 27.
Nf5+  1-0

[Event "Campeonato Estadual Absoluto do Rio de Janeiro 2022"]
[Site "TTC R Conde de Bomfim 451 Salao de Xadrez"]
[Date "2022.07.30"]
[Round "5"]
[Board "12"]
[White "Madeu, Fernando Antonio De B."]
[Black "Carvalho, Carlos Alberto"]
[Result "1/2-1/2"]
[WhiteElo "1871"]
[BlackElo "1977"]
[PlyCount "95"]
[EventDate "2022.07.23"]
[EventRounds "6"]
[EventCountry "BRA"]

1. e4 e6 2. d4 b6 3. Nf3 Bb7 4. Nc3 d6 5. Bd3 Nd7 6. O-O Ne7 7. Re1 g6 8. h3
Bg7 9. Be3 h6 10. Bf4 g5 11. Bg3 Ng6 12. e5 Bxf3 13. Qxf3 d5 14. Qh5 O-O 15.
Bxg6 fxg6 16. Qxg6 Qe7 17. Ne2 Rf5 18. Qh5 Raf8 19. Rf1 R8f7 20. c3 Nf8 21. h4
gxh4 22. Qxh4 Qxh4 23. Bxh4 Ng6 24. Bg3 h5 25. Bh2 h4 26. Rad1 Bh6 27. f4 c5
28. Rd3 c4 29. Rdf3 Rg7 30. g4 hxg3 31. Rxg3 Kh7 32. Rg4 Ne7 33. Rxg7+ Kxg7 34.
Ng3 Rf8 35. Nh5+ Kg6 36. Nf6 Bg7 37. Ng4 Nf5 38. Rf3 Rh8 39. Ne3 Rh4 40. Nxf5
Kxf5 41. Bg3 Rg4 42. Kf2 Bh6 43. Ke2 a5 44. Bh2 Rg2+ 45. Rf2 Rxf2+ 46. Kxf2
Bxf4 47. Bxf4 Kxf4 48. a4  1/2-1/2

[Event "Campeonato Estadual Absoluto do Rio de "]
[Site "TTC R Conde de Bomfim 451 Sal"]
[Date "2022.07.30"]
[Round "6.3"]
[White "Damasceno, Enzo De Carvalho"]
[Black "Santos Filho, Tadeu Sousa"]
[Result "1/2-1/2"]
[WhiteElo "1914"]
[BlackElo "2015"]
[PlyCount "134"]
[EventDate "2022.07.23"]

1. c4 e6 2. Nc3 d5 3. cxd5 exd5 4. d4 Nf6 5. Bg5 c6 6. e3 h6 7. Bh4 Bf5 8. Qf3
Bg6 9. Bxf6 Qxf6 10. Qxf6 gxf6 11. Nf3 Be7 12. Kd2 Rg8 13. g3 Nd7 14. Nh4 f5
15. Ng2 Nb6 16. Nf4 Nc8 17. f3 Nd6 18. b3 Kf8 19. Bd3 Kg7 20. Na4 Rad8 21. Ke2
Rge8 22. Kf2 Bf6 23. Rac1 Re7 24. Rhe1 Rde8 25. Rcd1 h5 26. h4 Kh6 27. b4 a6
28. Nc5 Bh7 29. Nb3 Rd8 30. Rc1 Rc8 31. a4 b5 32. axb5 axb5 33. Ra1 Nc4 34. Ra6
Rd7 35. Nc5 Rdd8 36. Bxc4 dxc4 37. Nb7 Rd7 38. Na5 Rd6 39. Rc1 Bg6 40. d5 Be5
41. Rxc6 Rcxc6 42. dxc6 Rd2+ 43. Kf1 Kg7 44. Nxc4 bxc4 45. Rxc4 Rb2 46. Rc5 Bd6
47. Nxg6 Kxg6 48. c7 Bxc7 49. Rc6+ Kg7 50. Rxc7 Rxb4 51. Rc5 Kg6 52. Rc2 Rb6
53. Kf2 Rb7 54. e4 fxe4 55. fxe4 f6 56. Re2 Rb3 57. Re3 Rb1 58. Ra3 Rb5 59. Ra8
Rc5 60. Ke3 Rc1 61. Ra3 Rf1 62. Ra2 Rb1 63. Kf3 Rf1+ 64. Rf2 Re1 65. Kf4 Ra1
66. g4 hxg4 67. Kxg4 Ra4 1/2-1/2

[Event "Campeonato Estadual Absoluto do Rio de"]
[Site "TTC R Conde de Bomfim 451 Sal"]
[Date "2022.07.30"]
[Round "6.5"]
[White "Chaves, Jorge Antonio Torre"]
[Black "Souza, Iago Henrique Da Si"]
[Result "0-1"]
[WhiteElo "1830"]
[BlackElo "2055"]
[PlyCount "36"]
[EventDate "2022.07.23"]

1. e4 c6 2. b3 d5 3. exd5 cxd5 4. Nf3 Nc6 5. Bb2 Bg4 6. h3 Bh5 7. g4 Bg6 8. Bg2
e6 9. O-O Nf6 10. d4 Ne4 11. c4 Be7 12. cxd5 exd5 13. Ne5 Nxe5 14. dxe5 h5 15.
Nc3 hxg4 16. hxg4 Bc5 17. Qf3 Qh4 18. Qf4 Ng3 0-1

[Event "Campeonato Estadual Absoluto do Rio de"]
[Site "TTC R Conde de Bomfim 451 Sal"]
[Date "2022.07.30"]
[Round "6.6"]
[White "Lima, Stefan Moisei Vieir"]
[Black "Bastos, Gabriel Andrade"]
[Result "1/2-1/2"]
[WhiteElo "1917"]
[BlackElo "1818"]
[PlyCount "31"]
[EventDate "2022.07.23"]

1. e4 c5 2. Nf3 g6 3. d4 cxd4 4. Nxd4 Bg7 5. c4 Nc6 6. Be3 Nf6 7. Nc3 O-O 8.
Be2 d6 9. O-O Bd7 10. Qd2 Nxd4 11. Bxd4 Bc6 12. f3 Nd7 13. Be3 a5 14. b3 Nc5
15. Rab1 e6 16. Rbc1 1/2-1/2